<?xml version="1.0" encoding="UTF-8"?>
<record
    xmlns:xsi="http://www.w3.org/2001/XMLSchema-instance"
    xsi:schemaLocation="http://www.loc.gov/MARC21/slim http://www.loc.gov/standards/marcxml/schema/MARC21slim.xsd"
    xmlns="http://www.loc.gov/MARC21/slim">

  <leader>00866nam a2200241 a 4500</leader>
  <controlfield tag="001">57087</controlfield>
  <controlfield tag="003">BD-RjUL</controlfield>
  <controlfield tag="005">20211209080451.0</controlfield>
  <controlfield tag="008">161205s1987    bg ||||| |||| 00| 0 ben d</controlfield>
  <datafield tag="020" ind1=" " ind2=" ">
    <subfield code="c">: TK 100.00 </subfield>
  </datafield>
  <datafield tag="035" ind1=" " ind2=" ">
    <subfield code="a">(BD-RjUL)57211</subfield>
  </datafield>
  <datafield tag="040" ind1=" " ind2=" ">
    <subfield code="a">BD-RjUL</subfield>
    <subfield code="b">ben </subfield>
    <subfield code="c">BD-RjUL</subfield>
  </datafield>
  <datafield tag="041" ind1=" " ind2=" ">
    <subfield code="a">ben </subfield>
  </datafield>
  <datafield tag="082" ind1=" " ind2=" ">
    <subfield code="2">23 </subfield>
    <subfield code="a">297.61 </subfield>
    <subfield code="b">MUA 1987 </subfield>
  </datafield>
  <datafield tag="245" ind1="1" ind2="0">
    <subfield code="a">&#x9AE;&#x9C1;&#x9AF;&#x9BC;&#x9BE;&#x9A4;&#x9CD;&#x9A4;&#x9BE; &#x987;&#x9AE;&#x9BE;&#x9AE; &#x9AE;&#x9BE;&#x9B2;&#x9BF;&#x995; (&#x9B0;&#x983;) / </subfield>
  </datafield>
  <datafield tag="260" ind1=" " ind2=" ">
    <subfield code="a">&#x9A2;&#x9BE;&#x995;&#x9BE; :</subfield>
    <subfield code="b">&#x987;&#x9B8;&#x9B2;&#x9BE;&#x9AE;&#x9BF;&#x995; &#x9AB;&#x9BE;&#x989;&#x9A8;&#x9CD;&#x9A1;&#x9C7;&#x9B6;&#x9A8;, </subfield>
    <subfield code="c">&#x9E7;&#x9EF;&#x9EE;&#x9ED; </subfield>
  </datafield>
  <datafield tag="300" ind1=" " ind2=" ">
    <subfield code="a">&#x996;&#x9A3;&#x9CD;&#x9A1;. ; </subfield>
    <subfield code="c">&#x9E8;&#x9E7; &#x9B8;&#x9C7;&#x9AE;&#x9BF;. </subfield>
  </datafield>
  <datafield tag="505" ind1="0" ind2=" ">
    <subfield code="a">&#x996;&#x9A3;&#x9CD;&#x9A1; &#x9E8; --</subfield>
  </datafield>
  <datafield tag="650" ind1=" " ind2=" ">
    <subfield code="a">&#x987;&#x9B8;&#x9B2;&#x9BE;&#x9AE;&#x9BF;&#x995; &#x9A8;&#x9C7;&#x9A4;&#x9BE; </subfield>
    <subfield code="9">168993</subfield>
  </datafield>
  <datafield tag="650" ind1=" " ind2=" ">
    <subfield code="a">Islamic leader </subfield>
    <subfield code="9">169583</subfield>
  </datafield>
  <datafield tag="700" ind1=" " ind2=" ">
    <subfield code="a">&#x987;&#x9B8;&#x9B2;&#x9BE;&#x9AE;&#x9BE;&#x9AC;&#x9BE;&#x9A6;&#x9C0;, &#x9AE;&#x9C1;&#x9B9;&#x9AE;&#x9CD;&#x9AE;&#x9A6; &#x9B0;&#x9BF;&#x99C;&#x9BE;&#x989;&#x9B2; &#x995;&#x9B0;&#x9C0;&#x9AE;, &#x985;&#x9A8;&#x9C1;&#x9AC;&#x9BE;&#x9A6; </subfield>
    <subfield code="9">242806</subfield>
  </datafield>
  <datafield tag="942" ind1=" " ind2=" ">
    <subfield code="2">ddc</subfield>
    <subfield code="c">BK</subfield>
  </datafield>
  <datafield tag="999" ind1=" " ind2=" ">
    <subfield code="c">57087</subfield>
    <subfield code="d">57087</subfield>
  </datafield>
  <datafield tag="952" ind1=" " ind2=" ">
    <subfield code="0">0</subfield>
    <subfield code="1">0</subfield>
    <subfield code="2">ddc</subfield>
    <subfield code="4">0</subfield>
    <subfield code="7">1</subfield>
    <subfield code="8">NFIC</subfield>
    <subfield code="a">RUCL</subfield>
    <subfield code="b">RUCL</subfield>
    <subfield code="c">Reading</subfield>
    <subfield code="d">1996-03-05</subfield>
    <subfield code="e">Islamiya library, kolikata.</subfield>
    <subfield code="g">100.00</subfield>
    <subfield code="l">0</subfield>
    <subfield code="o">B 297.12558 MUA V-2 1987</subfield>
    <subfield code="r">2016-12-05 00:00:00</subfield>
    <subfield code="t">C-1</subfield>
    <subfield code="w">2021-12-09</subfield>
    <subfield code="y">BK</subfield>
  </datafield>
  <datafield tag="952" ind1=" " ind2=" ">
    <subfield code="0">0</subfield>
    <subfield code="1">0</subfield>
    <subfield code="2">ddc</subfield>
    <subfield code="4">0</subfield>
    <subfield code="7">0</subfield>
    <subfield code="8">NFIC</subfield>
    <subfield code="a">RUCL</subfield>
    <subfield code="b">RUCL</subfield>
    <subfield code="c">Stack</subfield>
    <subfield code="d">1983-11-02</subfield>
    <subfield code="e">Islaic sangoskritik kendro</subfield>
    <subfield code="l">0</subfield>
    <subfield code="o">297.12558  MUA 1982 V-1</subfield>
    <subfield code="r">2020-12-22 00:00:00</subfield>
    <subfield code="t">C-2</subfield>
    <subfield code="w">2021-12-09</subfield>
    <subfield code="y">BK</subfield>
  </datafield>
  <datafield tag="952" ind1=" " ind2=" ">
    <subfield code="0">0</subfield>
    <subfield code="1">0</subfield>
    <subfield code="2">ddc</subfield>
    <subfield code="4">0</subfield>
    <subfield code="7">0</subfield>
    <subfield code="8">NFIC</subfield>
    <subfield code="a">RUCL</subfield>
    <subfield code="b">RUCL</subfield>
    <subfield code="c">Stack</subfield>
    <subfield code="d">1983-11-02</subfield>
    <subfield code="e">Islaic sangoskritik kendro</subfield>
    <subfield code="l">0</subfield>
    <subfield code="o">B 297.12558 MUA V-2 1987</subfield>
    <subfield code="r">2020-12-22 00:00:00</subfield>
    <subfield code="t">C-2</subfield>
    <subfield code="w">2021-12-09</subfield>
    <subfield code="y">BK</subfield>
  </datafield>
</record>
